Revolutionary women of India (Record no. 356610)

MARC details
000 -LEADER
fixed length control field 00560nam a2200205 4500
005 - DATE & TIME
control field 20240829112405.0
008 - FIXED-LENGTH DATA ELEMENTS--GENERAL INFORMATION
fixed length control field 240829b |||||||| |||| 00| 0 eng d
020 ## - ISBN
International Standard Book Number 9788194600008
Price Rs. 495.00
040 ## - CATALOGING SOURCE
Original cataloging agency VIVEKANANDA LIBRARY
082 ## - DDC NUMBER
Classification number B.08
Book Number T188R
100 ## - MAIN ENTRY--PERSONAL NAME
Personal name Tater, Sohan Raj
245 ## - TITLE STATEMENT
Title Revolutionary women of India
260 ## - PUBLICATION, DISTRIBUTION, ETC. (IMPRINT)
Place of publication, distribution, etc Jaipur
Name of publisher, distributor, etc Nirmala Publication
Date of publication, distribution, etc 2020
300 ## - PHYSICAL DESCRIPTION
Pages vii, 192
650 ## - Subject
Subject Women Revolutinaries- India
650 ## - Subject
Subject Indian History- Revolutionary Period
650 ## - Subject
Subject Biographies of India Women
942 ## - ADDED ENTRY ELEMENTS (KOHA)
Koha item type Books
Holdings
Withdrawn status Lost status Source of classification or shelving scheme Damaged status Not for loan Location (home branch) Sublocation or collection (holding branch) Shelving location Date acquired Koha issues (times borrowed) Koha full call number Accession No. Koha date last seen Koha item type
    Dewey Decimal Classification     VIVEKANANDA LIBRARY VIVEKANANDA LIBRARY Vivekananda Library 29/08/2024 1 B.08 T188R 314337 04/11/2024 Books
© Designed and Maintained by Vivekananda Library, MDU Rohtak